Responses for Show #5896 - Monday, April 12, 2010

Contestants

[<< previous game]

Amanda Lahan, an account manager from Washington, D.C.

Debbie Russell, a retired high school teacher from Mayodan, North Carolina

Morgan Saxby, a research associate from Charlottesville, Virginia (whose 2-day cash winnings total $40,401)

[next game >>]

Jeopardy! Round responses

WAR & PEAS
HI, BOB
GROOMING & CLEANING AIDS
BAD BREAK-UP LINES
IF YOU BUILD IT...
THEY WILL "COMB"
    $200 1
Australia

Amanda
    $200 5
England

Debbie
    $200 26
aftershave

Morgan
    $200 21
a ewe

Amanda
    $200 11
Saudi Arabia

Morgan
    $200 16
catacombs

Morgan
    $400 2
peanuts

Debbie
    $400 6
Bob Dylan

Morgan
    $400 27
bubble bath

Morgan
    $400 22
Freud

Morgan
    $400 12
the Pentagon

Debbie
    $400 17
a combination

Morgan
    $600 3
the British navy

Morgan
    $600 7
Bob Crane

Triple Stumper
    $600 28
Right Guard

Debbie
    $600 23
Chevrolet

Amanda
    $600 13
the Empire State Building

Morgan
    $2,400 18
a beachcomber

Morgan
    $800 4
the Continental Army

Amanda
    $800 8
(Alex: Played for the Dallas Cowboys. [*]. Fast. Good player.)

Bob Hayes

Triple Stumper
    $800 29
cold cream

Debbie
    $800 24
Emily Dickinson

Amanda
    $800 14
a monastery

Amanda
    $800 19
a cockscomb

Amanda
    $1000 10
(Morgan: What are MREs?)
(Amanda: Uh, what are, uh... I don't know.)

K-rations

MorganAmanda
Triple Stumper
    $1000 9
Bobby Flay

Morgan
    $1000 30
waxing

Morgan
    $1000 25
Rahm Emanuel

Morgan
    $1000 15
(Amanda: What is Mann's Chinese Theater?)

the Egyptian

Amanda
Triple Stumper
    $1000 20
a currycomb

Triple Stumper

Scores at the first commercial break (after clue 15):

Morgan Debbie Amanda
$1,800 $1,000 -$200

Scores at the end of the Jeopardy! Round:

Morgan Debbie Amanda
$7,800 $2,400 $2,200

Double Jeopardy! Round responses

SCIENCE CENTER
WHO'S THE MRS.?
SEÑOR MOMENTS
THE TIMES OF YOUR LIFE
ARRESTING AUTHORS
OVERLAPS
(Alex: Interesting category. I'll give you an example. If we, uh, got "Goods sent overseas" added to "Ship's window", the correct response would be "What is exporthole?")
    $400 7
the core

Amanda
    $400 8
Jennifer Garner

Amanda
    $400 14
(Sergio) García

Morgan
    $400 1
an anniversary

Morgan
    $400 2
(Oscar) Wilde

Morgan
    $400 24
hammermaid

Triple Stumper
    $800 10
revolving around (or orbiting)

Morgan
    $800 9
(Nicole) Kidman

Morgan
    $800 15
de Soto

Amanda
    $800 20
(Amanda: What is delinquent?)

tardy

DebbieAmanda
    $800 3
(Ken) Kesey

Morgan
    $800 25
(Amanda: What is pyramidnight, I mean [*]?)
(Alex: Corrected yourself in time before I ruled. Good for you.)

pyramidday

Amanda
    $1200 11
a nucleus

Morgan
    $1200 17
(Sarah Michelle) Gellar

Morgan
    $1200 16
(Morgan: Who is Juan Carlos?)
(Amanda: Who is Juan Phillippe?)
(Debbie: Who is Juan Phillip?)

Felipe

MorganDebbieAmanda
Triple Stumper
    $1200 21
the eleventh hour

Morgan
    $1200 4
(William) Burroughs

Morgan
    $1200 26
(Amanda: What is ceiling linguini?)
...
(Alex: That's it, yes. You put an extra syllable in there, Amanda, and it cost you.)

ceilinguini

MorganAmanda
    $1600 12
(Morgan: What is a Kraken?)
(Debbie: What is a Tyrannosaurus rex?)

Ichthyosaurus

MorganDebbie
Triple Stumper
    $1600 18
(Morgan: Who is McDormand?)

Felicity Huffman

MorganDebbie
    $4,000 27
(Alex: [Before Morgan's wager] We have less than a minute now.)

Plácido Domingo

Morgan
    $1600 22
(Morgan: What is dawn?)

dusk

MorganAmanda
    $1600 5
Sam Shepard

Amanda
    $1600 28
(Alex: Yes. Overlaps are tough to say!)
(Morgan: Yes!)

bartendermatologist

Morgan
    $3,000 13
geocentric

Morgan
    $2000 19
Diane Lane

Amanda
    $2000 23
20

Triple Stumper
    $2000 6
Solzhenitsyn

Morgan
    $2000 29
[The end-of-round signal sounds.]

alibicameral

Morgan

Scores at the end of the Double Jeopardy! Round:

Morgan Debbie Amanda
$24,000 $2,000 $6,600
(lock game)

[wagering suggestions for these scores]

Final Jeopardy! Round responses

NEW SPORTS
(Alex: Yes, indeed. They don't play it exactly the way it, uh, it's played in the books or in the movies, of course--Harry Potter.)
DebbieWhat is snowboarding?
$1,999
AmandaWhat is Quidditch?
$2,500
Morganwhat is quidditch
$2,000
Quidditch

Final scores:

Morgan Debbie Amanda
$26,000 $1 $9,100
3-day champion: $66,401 3rd place: $1,000 2nd place: $2,000

Game dynamics:

Coryat scores:

Morgan Debbie Amanda
$18,800 $2,000 $6,600
29 R
(including 3 DDs),
5 W
7 R,
2 W
14 R,
5 W

Combined Coryat: $27,400

[game clues] [game scores] [suggest correction]

Game tape date: 2010-01-20
The J! Archive is created by fans, for fans. Scraping, republication, monetization, and malicious use prohibited; this site may use cookies and collect identifying information. See terms. The Jeopardy! game show and all elements thereof, including but not limited to copyright and trademark thereto, are the property of Jeopardy Productions, Inc. and are protected under law. This website is not affiliated with, sponsored by, or operated by Jeopardy Productions, Inc. Join the discussion at JBoard.tv.